[Event "Stay Safe Play From Home 137"]
[Site "T#645928Emanuel Laske"]
[Date "2020.05.10"]
[Round "8"]
[White "lazieri3"]
[Black "SoulofWolf"]
[Result "1-0"]
[WhiteElo "2034"]
[BlackElo "2182"]
[Annotator "TA"]
[PlyCount "117"]
[EventDate "2020.05.10"]
[EventType "swiss (blitz)"]

{[%evp 9,116,-25,0,-3,4,-14,6,-18,-20,-40,0,-11,0,-34,0,-22,15,-18,-3,-21,-7,-23,6,-6,36,37,47,27,45,-25,41,1,95,8,104,-19,6,-24,28,35,171,183,447,235,464,445,621,612,648,571,573,574,564,502,540,551,605,595,733,681,848,877,880,867,1347,1060,1321,1025,1857,1106,29997,29998,29998,29991,29997,29996,29998,29999,29999,29994,29997,569,29993,29979,29979,29980,29989,1102,1063,1033,29992,29993,29993,29994,29994,29994,29994,29995,29998,29995,29996,29996,29997,29998,29998,29998,29998,29999,29999]} 1. e4 d5 2. Nc3 d4 3. Nce2 c5 4. d3 Nc6 5. g3 g6 6. Bg2 {A00: Irregular Openings.} Bg7 7. Bd2 e6 8. Qc1 {[#] The position is equal.} Nge7 $146 ({Predecessor:} 8... Bd7 9. Nh3 h6 10. f4 f5 11. e5 Nge7 12. Nhg1 Qc7 13. a3 Rc8 14. Nf3 Nd5 {½-½ (58) Elamri,L (1921)-Cafolla,P (2080) Gibraltar 2006}) 9. Bh6 Bf6 10. Bg5 Be5 11. Bf4 Qc7 12. Bxe5 Qxe5 (12... Nxe5 {keeps more tension.} 13. h3 b6 14. f4 N5c6 15. h4 e5) 13. Qf4 Qxf4 14. gxf4 O-O 15. Bh3 f5 16. e5 $1 Nd5 17. Nf3 b6 18. Rg1 a5 19. Ng5 (19. Bg2 $14) 19... Re8 (19... Nce7 $11) 20. a3 Re7 (20... b5 $11) 21. Kd2 (21. Bg2 $1 $16) 21... Ba6 (21... h6 $11 {keeps the balance.} 22. Nf3 Rg7) 22. Rg2 (22. Bg2 $16) 22... c4 23. Rag1 {[#]} Rae8 (23... c3+ $142 $1 {[%mdl 512]} 24. Kc1 (24. bxc3 dxc3+) 24... cxb2+ 25. Kxb2 Rd8) 24. Rg3 $11 Rg7 {This move loses the game for Black.} ({Black should play} 24... c3+ $14 25. bxc3 Nxc3) 25. Bg2 $18 {Strongly threatening Nxe6!} Rd8 $2 (25... Rd7) 26. Bxd5 (26. Nxe6 $142 Rgd7 27. Nxd8 Nxd8 28. h4) 26... exd5 $2 (26... Rxd5 27. Nxe6 Rgd7) 27. Ne6 Rgd7 28. Nxd8 Rxd8 29. h4 Kf7 {[#]} 30. h5 $1 Rg8 (30... gxh5 31. Rg7+) 31. hxg6+ hxg6 32. Rh3 Rg7 33. Rgh1 Nd8 34. Rh8 Ne6 35. Rb8 Ke7 36. Rxb6 Nc7 37. Rb8 Kd7 38. Rhh8 Kc6 39. Rhd8 cxd3 40. Nxd4+ Kc5 41. c3 a4 42. b4+ axb3 43. Nxb3+ Kc6 44. Nd4+ Kc5 45. Rdc8 (45. Rd6 $142 Bb5 {[#]} 46. Rxb5+ $1 {[%mdl 576] Remove Defender} Nxb5 47. Rc6#) 45... Bc4 46. Ne6+ Kc6 47. Nxg7 d4 48. Ne6 (48. Ne8 $142 Kd5 49. Rxc7 Ke4 50. Rxc4 Kf3 51. e6 dxc3+ 52. Kxd3 c2 53. Nf6) 48... dxc3+ 49. Kxc3 Kd5 50. Rxc7 {White mates.} Ke4 51. Rxc4+ Kf3 52. Rd4 d2 53. Rd3+ Kg4 54. Rxd2 g5 {[#]} 55. Rg8 $1 Kh4 56. Rxg5 Kh3 57. Rd1 {[%cal Rd1h1]} Kh2 58. Rd8 {[%cal Rd8h8]} Kh3 59. Rh8# {Accuracy: White = 55%, Black = 31%.} 1-0

[Event "Stay Safe Play From Home 137"]
[Site "T#645928Emanuel Laske"]
[Date "2020.05.10"]
[Round "8"]
[White "Weltszmerc"]
[Black "Greblha"]
[Result "1-0"]
[WhiteElo "2000"]
[BlackElo "1988"]
[Annotator "TA"]
[PlyCount "85"]
[EventDate "2020.05.10"]
[EventType "swiss (blitz)"]

{[%evp 20,84,8,16,87,50,109,87,112,102,119,56,91,57,55,42,61,12,95,68,116,85,100,0,111,0,88,88,100,106,114,112,232,182,285,304,1001,1002,924,826,808,788,1083,1054,1096,663,643,459,645,635,955,916,1500,1400,1918,1756,29984,29979,29994,29995,29995,29996,29996,29994,29998,29999,29999]} 1. d4 c6 2. c4 d5 3. Nf3 Nf6 4. g3 e6 5. Bg2 g6 6. O-O Bg7 7. Nbd2 O-O 8. Qc2 Nbd7 9. e4 dxe4 10. Nxe4 Nxe4 11. Qxe4 Nf6 {D78: Fianchetto Grünfeld: 6 0-0 c6.} (11... Re8 $11) 12. Qe2 Bd7 (12... Re8 $14) 13. Rd1 {[#]} a5 $146 {White is better.} ({Predecessor:} 13... Re8 14. Ne5 Qe7 15. a4 Rad8 16. a5 a6 17. b3 Bc8 18. Ba3 Qc7 19. Qf3 Rxd4 20. Rxd4 Qxe5 {1-0 (33) Valle,A (2257)-Gomes da Silva Filho,J (1979) Teresina 2013}) 14. Ne5 Re8 15. c5 (15. Rd3 $16) 15... Qc7 16. Nc4 Nd5 17. Nd6 Reb8 18. h4 (18. Qf3 $5 {[%cal Rf3f7]}) 18... b5 (18... b6 $11 {keeps the balance.}) 19. h5 $16 Bf8 20. Ne4 Bg7 21. Nd6 Bf8 $1 22. Ne4 Bg7 $1 23. h6 $36 {[%mdl 2048] White is really pushing. White now steadily converts the win.} Bh8 24. Bg5 f6 25. Bd2 Ne7 (25... Rf8 $16 {was called for.}) 26. Nd6 Nf5 (26... Rf8 $142 27. Bf4 Nd5 28. Bxd5 exd5 29. Nxb5 Qd8) 27. Nxf5 $18 exf5 $2 (27... gxf5 28. Bf4 e5) 28. Bf4 {[%mdl 64] [#] Skewer} Qc8 29. Bxb8 Rxb8 30. Re1 Qf8 31. Qe7 Rd8 32. Qxf8+ Kxf8 33. Re2 g5 (33... f4 $142 34. gxf4 Rc8) 34. f4 gxf4 35. gxf4 Kf7 36. Rae1 Kg6 37. Re7 Kxh6 38. R1e3 {White mates.} Bg7 39. Rh3+ Kg6 40. Rg3+ Kh6 41. Rgxg7 Be8 42. Rxh7+ Kg6 43. Reg7# {Accuracy: White = 67%, Black = 28%.} 1-0

[Event "Stay Safe Play From Home 137"]
[Site "T#645928Emanuel Laske"]
[Date "2020.05.10"]
[Round "8"]
[White "Fischer_11"]
[Black "Tropic Thunder"]
[Result "1-0"]
[WhiteElo "1927"]
[BlackElo "2152"]
[Annotator "TA"]
[PlyCount "65"]
[EventDate "2020.05.10"]
[EventType "swiss (blitz)"]

{[%evp 9,64,31,60,50,61,52,120,98,223,88,112,-30,56,54,12,-95,-80,-79,43,43,22,0,239,257,236,243,244,212,218,226,232,225,246,108,97,122,489,243,580,637,597,356,555,553,1287,948,29999,29993,29993,5704,29991,29992,29992,29992,29998,29999,29999]} 1. e4 b6 2. d4 Bb7 3. Nc3 d6 4. Bd3 Nd7 {[#]} 5. Qe2 $146 ({Predecessor:} 5. Nge2 c5 6. O-O Rc8 7. dxc5 bxc5 8. Bc4 Ngf6 9. Qd3 g6 10. f3 Bg7 11. a4 {0-1 (21) Panko,R (1948)-Juhar,R (2170) Namestovo 2017}) 5... g6 6. f4 {B00: Queen's Fianchetto Defence, Nimzowitsch Defence.} Bg7 7. Nf3 h6 (7... e6 $14) 8. e5 {White is better.} a6 (8... e6 $16) 9. O-O (9. e6 $18 {is more deadly.} Nf8 10. exf7+ Kxf7 11. f5 gxf5 12. Bxf5) 9... e6 $16 10. f5 (10. exd6 $1 $16 {Black must now prevent Bxg6!} Bxf3 11. Rxf3 Bxd4+ 12. Be3) 10... exf5 (10... gxf5 $11 11. exd6 cxd6) 11. exd6+ $14 Kf8 12. Re1 (12. Bf4 $11 {remains equal.} Bxf3 13. Rxf3 (13. Qxf3 Bxd4+ 14. Kh1 cxd6 $16) 13... Bxd4+ 14. Kh1 cxd6 15. Bxf5 $1 {[%mdl 512]} (15. Bxd6+ Kg7 $14) 15... Bxc3 16. Bxd7 Qxd7 17. Rxc3) 12... cxd6 $17 13. Bf4 {[#]} Ngf6 ({Better is} 13... Ndf6 $1 $17) 14. Bxd6+ $14 Kg8 15. Ne5 Kh7 $2 (15... Nxe5 $11 {and Black has nothing to worry.} 16. dxe5 Ne8) 16. Nxf7 $18 {[%mdl 64] Double Attack} Qc8 17. Nxh8 Kxh8 18. d5 Nxd5 19. Nxd5 Bxd5 20. c4 Bb7 21. Qe7 (21. Rad1 $18 {and White stays clearly on top.}) 21... Qc6 $16 {[%csl Gb7][%cal Rc6g2] [#]} ({Avoid the trap} 21... Bd4+ $2 22. Kh1 $18) 22. Bf1 $1 {Rad1 is the strong threat.} Kh7 $2 {[%mdl 8192]} (22... Bf8 $16 23. Be5+ Kg8) 23. b3 (23. Rad1 $142) 23... b5 $2 (23... Nf6 24. Be5 Re8) 24. cxb5 $18 axb5 25. a3 Nf6 (25... Qb6+ $142 26. Kh1 Ra7) 26. Rac1 Qd5 {[#]} 27. Rc7 $1 {[%csl Gc7][%cal Re7g7]} Rh8 {[#]} 28. Be5 $1 {[%csl Gc7][%cal Re7g7]} Rg8 29. Rxb7 (29. Bxf6 $142 h5 30. Bxg7 Re8 31. Qxe8 Qc5+ 32. Rxc5 Kxg7 33. Rc7+ Kh6 34. h4 g5 35. Qe6#) 29... Qc6 30. Bxf6 {White mates.} h5 31. Bxg7 g5 32. Be5+ Kg6 33. Qh7# {Accuracy: White = 44%, Black = 30%.} 1-0

[Event "Stay Safe Play From Home 137"]
[Site "T#645928Emanuel Laske"]
[Date "2020.05.10"]
[Round "8"]
[White "SecantFX"]
[Black "Mepe_Nika"]
[Result "0-1"]
[WhiteElo "1873"]
[BlackElo "2316"]
[Annotator "TA"]
[PlyCount "62"]
[EventDate "2020.05.10"]
[EventType "swiss (blitz)"]

{[%evp 9,61,-79,-60,-52,-33,-62,-27,-493,-103,-138,-45,-112,-49,-315,-316,-720,-405,-457,-314,-882,-546,-762,-761,-833,-794,-958,-847,-818,-832,-816,-804,-2654,-2397,-29987,-29988,-29995,-29996,-29997,-29998,-29998,-29992,-29992,-29993,-29996,-29993,-29993,-29993,-29995,-29996,-29998,-29998,-29998,-29997,-29999]} 1. g3 h5 2. Bg2 h4 3. f4 d5 {[#]} 4. e3 $146 ({Predecessor:} 4. c4 dxc4 5. Qa4+ c6 6. Qxc4 Be6 7. Qb4 Qc7 8. Qa4 Na6 9. Nf3 hxg3 10. hxg3 Rxh1+ 11. Bxh1 {½-½ (45) Loeschnauer,R (2481)-Egoshin,G (2406) ICCF email 2016}) 4... Nc6 5. Nf3 h3 6. Bf1 {A00: Irregular Openings.} f6 7. c3 Bg4 8. Qb3 $2 {[%mdl 8192]} (8. d4 $11 {and White stays safe.}) 8... Qd7 $2 (8... Bxf3 $19 {has better winning chances.} 9. Rg1 Qd7) 9. Be2 $17 e5 (9... O-O-O $1 $17 10. Qd1 e5) 10. fxe5 {[#]} ({Better is} 10. Qxb7 $15 Rb8 11. Qa6) 10... fxe5 (10... O-O-O $1 $17 11. exf6 Nxf6) 11. Rf1 $2 {[%mdl 8192]} (11. Qxb7 $15 Rb8 {[#]} 12. Qxb8+ $1 {[%mdl 512]} Nxb8 13. Nxe5 {[%mdl 64] Double Attack}) 11... Nf6 $19 12. Nh4 $2 (12. Qxb7 Rb8 13. Qa6) 12... Bd6 13. Qd1 O-O 14. Bxg4 $2 (14. Rxf6 Rxf6 15. Bxg4) 14... Qxg4 15. Qxg4 Nxg4 16. Rh1 Rf2 17. d4 e4 18. Nd2 Rxh2 19. Rxh2 Bxg3+ {[%mdl 64] Double Attack} 20. Rf2 Bxf2+ 21. Kf1 Bxh4 {Black mates.} 22. c4 Rf8+ 23. Ke2 Rf2+ 24. Kd1 h2 25. Kc2 h1=Q 26. cxd5 Nb4+ 27. Kb3 Nxd5 28. Nxe4 Qxe4 29. a4 Qc2+ 30. Ka3 Nb6 {[%csl Gb6][%cal Rc2a4]} 31. Ra2 Qxa4# {Accuracy: White = 15%, Black = 25%.} 0-1

[Event "Stay Safe Play From Home 137"]
[Site "T#645928Emanuel Laske"]
[Date "2020.05.10"]
[Round "8"]
[White "Chase the sun"]
[Black "Zacko1"]
[Result "1-0"]
[WhiteElo "1793"]
[BlackElo "1809"]
[Annotator "NA RC"]
[PlyCount "41"]
[EventDate "2020.05.10"]
[EventType "swiss (blitz)"]

1. e4 {[%emt 0:00:02]} d6 {[%emt 0:00:01]} 2. Nc3 {[%emt 0:00:02]} g6 {[%emt 0:00:00]} 3. f4 {[%emt 0:00:01]} Bg7 {[%emt 0:00:01]} 4. Nf3 {[%emt 0:00:00]} Nf6 {[%emt 0:00:01]} 5. Bc4 {[%emt 0:00:00]} O-O {[%emt 0:00:01]} 6. d3 {[%emt 0:00:00]} c6 {[%emt 0:00:00]} 7. Bb3 {[%emt 0:00:02]} a5 {[%emt 0:00:02]} 8. a4 {[%emt 0:00:01]} Na6 {[%emt 0:00:01]} 9. f5 {[%emt 0:00:00]} Nc5 {[%emt 0:00:01]} 10. fxg6 {[%emt 0:00:01]} hxg6 {[%emt 0:00:02]} 11. Ba2 {[%emt 0:00:01]} d5 {[%emt 0:00:02]} 12. O-O {[%emt 0:00:02]} dxe4 {[%emt 0:00:01]} 13. Ng5 {[%emt 0:00:04]} exd3 {[%emt 0:00:06]} 14. Qe1 {[%emt 0:00:01]} e6 {[%emt 0:00:17]} 15. Qh4 {[%emt 0:00:02]} Nh5 {[%emt 0:00:00]} 16. g4 {[%emt 0:00:03]} Qd4+ {[%emt 0:00:08]} 17. Kh1 {[%emt 0:00:02]} Nd7 {[%emt 0:00:09]} 18. Rf4 {[%emt 0:00:01]} d2 {[%emt 0:00:03]} 19. Rxd4 {[%emt 0:00:02]} dxc1=Q+ {[%emt 0:00:01]} 20. Rxc1 {[%emt 0:00:00]} Ndf6 {[%emt 0:00:02]} 21. gxh5 {[%emt 0:00:02] Zeit (Lag: Av=0.24s, max=0.3s)} 1-0

[Event "Stay Safe Play From Home 137"]
[Site "T#645928Emanuel Laske"]
[Date "2020.05.10"]
[Round "8"]
[White "NeatFox"]
[Black "Haxhi Baha"]
[Result "0-1"]
[WhiteElo "1748"]
[BlackElo "1902"]
[Annotator "TA"]
[PlyCount "62"]
[EventDate "2020.05.10"]
[EventType "swiss (blitz)"]

{[%evp 9,62,-96,-31,-56,-17,-16,-6,-19,-21,-13,-17,-16,-27,-10,-21,-36,11,9,0,0,179,18,31,-66,0,-67,0,0,0,-425,-368,-639,-631,-623,-591,-590,-56,-161,-147,-640,103,-233,-226,-29990,-12799,-5397,-18,-23,906,-29986,-29987,-29991,-5335,-1423,0]} 1. g4 e6 2. Bg2 d5 3. c4 c6 4. cxd5 cxd5 {[#]} 5. Qb3 $146 ({Predecessor:} 5. a3 Nf6 6. Nf3 Bd6 7. h3 Nc6 8. d4 O-O 9. Nc3 Qa5 10. Bd2 Qb5 11. Nxb5 {1-0 (44) Potter,M (919)-Smith,H (522) LSS email 2009}) 5... Nf6 (5... Nc6 $17) 6. g5 $15 {A00: Irregular Openings.} Nfd7 7. d4 Bd6 8. h4 {The position is equal.} Nc6 9. Nf3 O-O 10. Nc3 a6 11. h5 b5 12. e4 dxe4 13. Nxe4 Bb4+ 14. Kf1 {Hoping for h6.} Nb6 $2 (14... Bb7 $11) 15. Be3 $2 ({White should try} 15. h6 $18 g6 16. Nf6+ Kh8 17. Ne5 Nxe5 18. dxe5 (18. Qxb4 Ned7 $16)) 15... Nd5 16. Rc1 (16. Ne5 $14 Na5 17. Qd3) 16... Bb7 (16... Na5 $1 $15 17. Qd3 Nc4) 17. g6 (17. Qd3 $11) 17... fxg6 (17... Na5 $15 18. gxh7+ Kh8) 18. hxg6 $11 {Strongly threatening Rxc6!} h6 {Threatens to win with ...Rc8.} 19. Ne5 $2 {[%mdl 8192]} (19. Rxc6 $1 $11 {and White is okay.} Bxc6 20. Ne5 Nxe3+ 21. Qxe3 Bxe4 22. Bxe4) 19... Nxe5 20. dxe5 $2 (20. Bg5 Qe8 21. dxe5 Qxg6 22. a3) 20... Nxe3+ $19 21. Qxe3 Bxe4 $1 22. Bxe4 Rc8 $2 (22... Bd2 $19 23. Qc5 Bxc1 24. Qxc1 Qd4 $1 {[%mdl 512]}) 23. Kg2 (23. Rxc8 $15 Qxc8 24. f3) 23... Rxc1 24. Rxc1 $4 {[%mdl 8192]} (24. Qxc1 $17 Bd2 25. Qc6) 24... Qe7 $2 (24... Bd2 $19 25. Rd1 Bxe3 {[%mdl 64] Discovered Attack} 26. Rxd8 Rxd8 27. fxe3 Rd2+ {[%mdl 64] Double Attack} 28. Kf3 Rxb2) 25. Bc2 $2 {[%mdl 8192]} (25. a3 $16 Ba5 26. Rc6) 25... Bc5 26. Qe4 $2 (26. Qg3 $19 Bxf2 27. Qg4) 26... Rxf2+ (26... Qg5+ $142 27. Kh3 Qh5+ 28. Qh4 Rf3+ 29. Kg2 Qxh4 30. Kxf3 Qxf2+ 31. Kg4 Qg2+ 32. Kf4 h5 33. Bd1 Qf2+ 34. Bf3 Qh4+ 35. Bg4 Qxg4#) 27. Kh3 Rf8 $2 ({Black should play} 27... Qg5 $19 {( -> ...Qh5+)} 28. Rh1 Rf4 29. Qxf4 Qxf4) 28. Bb3 $11 Qg5 $2 {[%mdl 8192]} (28... Kh8 $11) 29. Qg4 $4 {[%mdl 8192]} ({Inferior is} 29. Rxc5 Qh5+ 30. Kg2 Qg5+ 31. Kh3 Qh5+ 32. Kg3 Qg5+ 33. Kh3 $11) (29. Bxe6+ $18 Kh8 30. Rxc5) 29... Qe3+ 30. Kg2 Qd2+ (30... Rf2+ $142 31. Kh1 Qxc1+ {[%mdl 64] Double Attack} 32. Bd1 Qd2 33. Qxe6+ {[#]} Kh8 $1 {[%mdl 512]} 34. Qe8+ Bf8 35. Qxf8+ Rxf8 36. Bf3 Rxf3 37. Kg1 Qf2+ 38. Kh1 Rh3#) 31. Kh3 $19 Qe3+ $2 {[%mdl 32768] Never resign too early! Accuracy: White = 34%, Black = 36%. . Loss on time!?} (31... Qxc1 $19 32. Bxe6+ Kh8) 0-1

[Event "Stay Safe Play From Home 137"]
[Site "T#645928Emanuel Laske"]
[Date "2020.05.10"]
[Round "8"]
[White "Edmatuag"]
[Black "Emresenar"]
[Result "0-1"]
[WhiteElo "1697"]
[BlackElo "1596"]
[Annotator "NA RC"]
[PlyCount "82"]
[EventDate "2020.05.10"]
[EventType "swiss (blitz)"]

1. e4 {[%emt 0:00:01]} b6 {[%emt 0:00:00]} 2. d4 {[%emt 0:00:01]} Bb7 {[%emt 0:00:00]} 3. Bd3 {[%emt 0:00:01]} g6 {[%emt 0:00:00]} 4. Be3 {[%emt 0:00:01]} Bg7 {[%emt 0:00:01]} 5. Nf3 {[%emt 0:00:01]} Nf6 {[%emt 0:00:01]} 6. e5 {[%emt 0:00:02]} Ne4 {[%emt 0:00:03]} 7. O-O {[%emt 0:00:01]} O-O {[%emt 0:00:01]} 8. c4 {[%emt 0:00:00]} d5 {[%emt 0:00:01]} 9. Nc3 {[%emt 0:00:01]} Nxc3 {[%emt 0:00:07]} 10. bxc3 {[%emt 0:00:00]} dxc4 {[%emt 0:00:00]} 11. Bxc4 {[%emt 0:00:01]} e6 {[%emt 0:00:01]} 12. Nd2 {[%emt 0:00:01]} b5 {[%emt 0:00:03]} 13. Bxb5 {[%emt 0:00:02]} Qd5 {[%emt 0:00:01]} 14. Ne4 {[%emt 0:00:10]} Qxe4 {[%emt 0:00:04]} 15. Qf3 {[%emt 0:00:03]} Qxf3 {[%emt 0:00:04]} 16. gxf3 {[%emt 0:00:00]} Bxf3 {[%emt 0:00:01]} 17. Rfc1 {[%emt 0:00:02]} a6 {[%emt 0:00:03]} 18. Ba4 {[%emt 0:00:01]} Bc6 {[%emt 0:00:01]} 19. Bb3 {[%emt 0:00:03]} Bd5 {[%emt 0:00:01]} 20. c4 {[%emt 0:00:01]} Bb7 {[%emt 0:00:01]} 21. d5 {[%emt 0:00:01]} exd5 {[%emt 0:00:01]} 22. f4 {[%emt 0:00:01]} dxc4 {[%emt 0:00:01]} 23. Rxc4 {[%emt 0:00:02]} Bd5 {[%emt 0:00:01]} 24. Rxc7 {[%emt 0:00:01]} Bxb3 {[%emt 0:00:01]} 25. axb3 {[%emt 0:00:00]} a5 {[%emt 0:00:03]} 26. Rd1 {[%emt 0:00:02]} Na6 {[%emt 0:00:02]} 27. Rb7 {[%emt 0:00:03]} Nb4 {[%emt 0:00:01]} 28. Rdd7 {[%emt 0:00:02]} Rab8 {[%emt 0:00:02]} 29. Ra7 {[%emt 0:00:02]} Nc6 {[%emt 0:00:01]} 30. Rac7 {[%emt 0:00:01]} Rbc8 {[%emt 0:00:03]} 31. Bc5 {[%emt 0:00:01]} Rxc7 {[%emt 0:00:01]} 32. Rxc7 {[%emt 0:00:01]} Nb4 {[%emt 0:00:00]} 33. Bxf8 {[%emt 0:00:01]} Bxf8 {[%emt 0:00:02]} 34. Ra7 {[%emt 0:00:00]} Na6 {[%emt 0:00:00]} 35. Rxa6 {[%emt 0:00:01]} a4 {[%emt 0:00:00]} 36. bxa4 {[%emt 0:00:02]} Kg7 {[%emt 0:00:00]} 37. Ra8 {[%emt 0:00:00]} h6 {[%emt 0:00:00]} 38. a5 {[%emt 0:00:00]} Be7 {[%emt 0:00:00]} 39. a6 {[%emt 0:00:00]} Bc5+ {[%emt 0:00:00]} 40. Kg2 {[%emt 0:00:01]} h5 {[%emt 0:00:00]} 41. a7 {[%emt 0:00:01]} g5 {[%emt 0:00:00] Time (Lag: Av=0.69s, max=0.8s)} 0-1

[Event "Stay Safe Play From Home 137"]
[Site "T#645928Emanuel Laske"]
[Date "2020.05.10"]
[Round "8"]
[White "Trotsky"]
[Black "Sfantul321"]
[Result "0-1"]
[WhiteElo "1667"]
[BlackElo "1891"]
[Annotator "NA RC"]
[PlyCount "74"]
[EventDate "2020.05.10"]
[EventType "swiss (blitz)"]

1. d4 {[%emt 0:00:01]} d5 {[%emt 0:00:01]} 2. e3 {[%emt 0:00:00]} c5 {[%emt 0:00:00]} 3. c4 {[%emt 0:00:01]} cxd4 {[%emt 0:00:01]} 4. exd4 {[%emt 0:00:01]} dxc4 {[%emt 0:00:01]} 5. Bxc4 {[%emt 0:00:02]} Nc6 {[%emt 0:00:00]} 6. Be3 {[%emt 0:00:01]} Bf5 {[%emt 0:00:02]} 7. Nc3 {[%emt 0:00:01]} a6 {[%emt 0:00:01]} 8. a3 {[%emt 0:00:00]} e6 {[%emt 0:00:01]} 9. Bd3 {[%emt 0:00:01]} Bd6 {[%emt 0:00:01]} 10. Qc2 {[%emt 0:00:01]} Bxd3 {[%emt 0:00:01]} 11. Qxd3 {[%emt 0:00:01]} Nf6 {[%emt 0:00:00]} 12. Nf3 {[%emt 0:00:01]} O-O {[%emt 0:00:01]} 13. Ng5 {[%emt 0:00:01]} h6 {[%emt 0:00:04]} 14. h4 {[%emt 0:00:01]} e5 {[%emt 0:00:02]} 15. Nce4 {[%emt 0:00:01]} Nxe4 {[%emt 0:00:02]} 16. Qxe4 {[%emt 0:00:01]} f5 {[%emt 0:00:01]} 17. Qd5+ {[%emt 0:00:02]} Kh8 {[%emt 0:00:01]} 18. Nf7+ {[%emt 0:00:03]} Rxf7 {[%emt 0:00:01]} 19. Qxf7 {[%emt 0:00:01]} exd4 {[%emt 0:00:01]} 20. Bxh6 {[%emt 0:00:01]} gxh6 {[%emt 0:00:02]} 21. O-O-O {[%emt 0:00:02]} Qe7 {[%emt 0:00:02]} 22. Qg6 {[%emt 0:00:01]} Qg7 {[%emt 0:00:01]} 23. Qe6 {[%emt 0:00:01]} Rd8 {[%emt 0:00:02]} 24. g4 {[%emt 0:00:04]} fxg4 {[%emt 0:00:02]} 25. Rhg1 {[%emt 0:00:01]} Qh7 {[%emt 0:00:01]} 26. Rxg4 {[%emt 0:00:06]} Ne5 {[%emt 0:00:03]} 27. Rdg1 {[%emt 0:00:02]} Nxg4 {[%emt 0:00:01]} 28. Rxg4 {[%emt 0:00:01]} Bc5 {[%emt 0:00:03]} 29. Rg6 {[%emt 0:00:01]} Bf8 {[%emt 0:00:02]} 30. Qf6+ {[%emt 0:00:02]} Bg7 {[%emt 0:00:01]} 31. Qxd8+ {[%emt 0:00:02]} Qg8 {[%emt 0:00:01]} 32. Qxg8+ {[%emt 0:00:08]} Kxg8 {[%emt 0:00:01]} 33. f4 {[%emt 0:00:01]} Kf7 {[%emt 0:00:02]} 34. Rg4 {[%emt 0:00:02]} Kf6 {[%emt 0:00:01]} 35. Kd2 {[%emt 0:00:01]} Bf8 {[%emt 0:00:01]} 36. Kd3 {[%emt 0:00:01]} Kf5 {[%emt 0:00:00]} 37. Rg8 {[%emt 0:00:03]} Bc5 {[%emt 0:00:01] Âðåìÿ (Lag: Av=0.19s, max=0.2s)} 0-1

[Event "Stay Safe Play From Home 137"]
[Site "T#645928Emanuel Laske"]
[Date "2020.05.10"]
[Round "9"]
[White "Mepe_Nika"]
[Black "Fischer_11"]
[Result "1-0"]
[WhiteElo "2319"]
[BlackElo "1953"]
[Annotator "TA"]
[PlyCount "93"]
[EventDate "2020.05.10"]
[EventType "swiss (blitz)"]

{[%evp 11,92,151,152,138,151,147,144,142,232,214,204,167,158,159,795,807,795,759,787,791,787,764,1001,995,953,904,973,687,979,885,1807,1776,3545,2881,29986,29987,29987,29988,29988,29989,29990,29990,29993,29994,29994,29994,29996,29997,29997,29995,29995,29995,29997,29995,29995,29992,29992,29992,29991,29990,29990,29989,29989,29990,29990,29991,29991,29992,29992,29993,29993,29994,29998,29996,29997,29996,29996,29997,29997,29998,29998,29997,29999]} 1. d4 e5 2. dxe5 Nc6 3. Nf3 Qe7 4. Bf4 Qb4+ 5. Bd2 Qxb2 6. Nc3 Bb4 7. Rb1 {A40: Unusual replies to 1 d4.} Qa3 8. Nd5 Bxd2+ 9. Qxd2 {White is clearly better.} Qxa2 (9... Kd8 $16 {keeps fighting.}) 10. Rd1 $18 ({And not} 10. Nxc7+ Kd8 $11) 10... Kd8 11. Ng5 Nh6 {[#]} 12. e6 $1 $36 {[%mdl 2560] [#] Black is under strong pressure.} fxe6 $146 {[#]} (12... d6 $16) (12... dxe6 13. Nc3+) ({Predecessor:} 12... d6 13. e7+ Nxe7 14. Nxc7 d5 15. Nxa8 Bd7 16. e3 Kc8 17. Qc3+ Bc6 18. Ra1 d4 19. Qxd4 Qd5 {1-0 (20) Hosdurga,C (1411)-Greatorex,R (1773) Llandudno 2017}) 13. Nxe6+ $1 {[%mdl 512]} dxe6 14. Nb4+ Qd5 15. Nxd5 exd5 16. Qxd5+ Ke7 17. Qg5+ Kf7 18. e4 Be6 19. Bb5 Rad8 20. O-O Rhe8 21. Bxc6 bxc6 22. Rxd8 Rxd8 23. Qxd8 {White mates.} Ng4 24. Qxc7+ Kf6 25. h3 Nh6 26. f4 g6 27. e5+ Kf5 28. g4+ Ke4 29. Qxc6+ {[%mdl 64] Double Attack} Bd5 30. Qa4+ Ke3 31. Re1+ Kf3 32. Qd4 {[%csl Gg1][%cal Rd4f2]} Kg3 33. Qf2+ Kxh3 34. Re3+ Kxg4 35. Rg3+ {[%mdl 64] Discovered Attack} Kf5 36. Rg5+ Ke6 37. Qxa7 Nf5 38. Qb6+ Ke7 {[#]} 39. Rxf5 $1 gxf5 40. Qd6+ Kf7 41. Qxd5+ Kg6 42. e6 Kh5 43. e7 Kg4 44. e8=Q Kxf4 45. Qeg8 Ke3 46. Qc4 f4 47. Qd3# {Black got outplayed after the opening. Accuracy: White = 70%, Black = 25%.} 1-0